Estudio de la problemática de distribucion de recibos de la oficina de servicios perifericos

Сохранить в:
Библиографические подробности
Главный автор: Almengor Muñoz, Mauricio
Другие авторы: Córdoba Morales, Manuel
Формат:
Опубликовано: San José, Costa Rica 1987
Предметы:
Метки: Добавить метку
Нет меток, Требуется 1-ая метка записи!

MARC

LEADER 00000nam a2200000Ia 4500
003 007245
005 20221231144310.0
008 140114s1987 cr a m 000 ||s d
040 |c cru CEDI 
090 |a TFG 2981 
100 |a Almengor Muñoz, Mauricio  |9 11753 
245 |a Estudio de la problemática de distribucion de recibos de la oficina de servicios perifericos 
260 |c 1987  |a San José, Costa Rica 
300 |a  xviii, [99] hojas : ilustraciones ; 28 cm  
500 |a Tesis (licenciatura en ingenieria industrial)--Universidad de Costa Rica. Facultad de Ingeniería. Escuela de Ingeniería Industrial 
650 |x INSTITUTO COSTARRICENSE DE ELECTRICIDAD.. OFICINA DE SERVICIOS PERIFERICOS  |9 11755 
700 |9 11754  |a Córdoba Morales, Manuel 
942 |c TFG 
999 |c 19783  |d 19783